Statistics for Top 100 European Football Teams - Three Minute Sprint

Click here to take the quiz!

General Stats

  • This quiz has been taken 44 times
  • The average score is 39 of 100

Answer Stats

clueclub% Correct
2 ESPBarcelona
100%
3 GERBayern Munich
100%
1 ESPReal Madrid
100%
6 ENGLiverpool
97%
4 ITAAC Milan
94%
14 ENGArsenal
94%
18 ENGChelsea
94%
5 ITAJuventus
94%
7 ENGManchester United
94%
10 PORBenfica
91%
9 ITAInternazionale Milan
91%
8 NEDAjax Amsterdam
88%
11 SCOCeltic
85%
58 ENGManchester City
85%
13 PORPorto
85%
12 SCORangers
85%
40 ITAAS Roma
79%
19 ESPAtlético Madrid
79%
57 FRAParis Saint-Germain
76%
24 ENGTottenham Hotspur
76%
21 ESPValencia
73%
25 GERBorussia Dortmund
70%
81 ITANapoli
67%
16 NEDPSV Eindhoven
67%
34 FRAMarseille
64%
30 PORSporting Lisbon
64%
83 SPASevilla
61%
52 FRAAS Monaco
55%
17 UKRDynamo Kiev
55%
15 BELAnderlecht
52%
37 ENGEverton
52%
64 ITALazio
52%
54 FRALyon
52%
20 SRBRed Star Belgrade
45%
33 RUSSpartak Moscow
45%
22 NEDFeyenoord
42%
45 ENGLeeds United
42%
46 ENGNottingham Forest
42%
28 GREOlympiakos
42%
59 ENGNewcastle United
39%
38 ENGAston Villa
36%
42 TURGalatasaray
36%
44 SERPartizan Belgrade
36%
26 CZESparta Prague
36%
36 ESPAthletic Bilbao
33%
53 ITAFiorentina
33%
27 ROMSteaua Bucharest
33%
61 RUSCSKA Moscow
30%
32 GERHamburg
30%
49 GREPanathinaikos
30%
69 GERSchalke 04
30%
99 ENGWest Ham United
30%
91 TURFenerbahçe
27%
79 SWEMalmö
27%
63 UKRShakhtar Donetsk
27%
96 GREAEK Athens
24%
72 FRABordeaux
21%
47 CRODinamo Zagreb
21%
23 HUNFerencváros
21%
78 FRANantes
21%
29 AUTRapid Vienna
21%
50 GERWerder Bremen
21%
39 GERBorussia Mönchengladbach
18%
90 HUNBudapest Honvéd
18%
60 FRASaint-Étienne
18%
87 ITAUC Sampdoria
18%
101 RUSZenit St Petersburg
18%
77 SCOAberdeen
15%
92 SUIBasel
15%
74 GERCologne
15%
43 BULCSKA Sofia
15%
94 RUSDynamo Moscow
15%
66 ITAParma
15%
41 BELClub Brugge
12%
51 SWEIFK Göteborg
12%
56 BULLevski Sofia
12%
55 SVKŠK Slovan Bratislava
12%
75 CZESlavia Prague
12%
88 FRAStade Reims
12%
70 ITATorino
12%
84 GERVfB Stuttgart
12%
86 ENGWolverhampton Wanderers
12%
31 AUTAustria Vienna
9%
95 POLLegia Warsaw
9%
76 NIRLinfield
9%
68 ESPReal Zaragoza
9%
98 NORRosenborg BK
9%
71 ROMDinamo Bucharest
6%
73 SUIGrasshoppers
6%
48 HUNMTK Budapest
6%
67 BELStandard Liège
6%
35 HUNÚjpest
6%
85 HUNVasas
6%
89 GEODinamo Tbilisi
3%
82 GEREintracht Frankfurt
3%
100 GERMagdeburg
3%
80 ITABologna
0%
93 GERDynamo Dresden
0%
97 POLGórnik Zabrze
0%
65 CROHajduk Split
0%

Score Distribution

Percentile by Number Answered

Percent of People with Each Score

Your Score History

You have not taken this quiz